LEADER 02013njm a2200481 a 4500
001 000179716
003 CZ BrMZK
005 20201105093307.0
008 010907s1997 xr f cze d
028 0 1 |a 5136-2 811  |b Supraphon 
040 |a BOA001  |b cze 
080 |a 885.0-93-31(086.7)  |2 MRF 
100 1 |a Kirschner, Miloš,  |d 1927-1996  |7 jk01060205  |4 aut  |4 prf 
245 1 0 |a V hlavní roli Mánička  |h [zvukový záznam] /  |c Miloš Kirschner, Vladimír Straka ; [režie Jiří Šrámek]. 
246 3 3 |a Mánička v pasti 
246 3 3 |a Mániččina sprcha 
260 |a Praha :  |b Supraphon Records,  |c p1997 
300 |a 1 CD :  |b AAD ;  |c 12 cm +  |e 1 list. 
306 |a 010611 
490 1 |a S + H ;  |v 8 
500 |a Nahr. 1972, 1974 
500 |a Durata 66:11 
505 0 |a Mánička v pasti, Mániččina sprcha. 
511 0 |a Účinkují: Miloš Kirschner, Helena Štáchová, Miroslav Černý ... [et al.] 
700 1 |a Štáchová, Helena,  |d 1944-2017  |7 jn19990209886  |4 prf 
700 1 |a Černý, Miroslav,  |d 1927-1997  |7 jn19990216204  |4 prf 
700 1 |a Řeřicha, Jan,  |d 1947-2019  |7 jo20000073641  |4 prf 
700 1 |a Straka, Vladimír,  |d 1923-  |7 jk01121320  |4 aut 
700 1 |a Šrámek, Jiří,  |d 1920-2004  |7 jk01130985  |4 drt 
700 1 |a Andresíková, Jana,  |d 1941-2020  |7 jn19990201005  |4 prf 
700 1 |a Bruder, Jiří,  |d 1928-2014  |7 jo2001100195  |4 prf 
700 1 |a Hermachová, Jana,  |d 1943-  |7 jo2001100196 
700 1 |a Lír, Jiří,  |d 1923-1995  |7 jn19990209493  |4 prf 
700 1 |a Mach, Milan,  |d 1926-1995  |7 xx0007544  |4 prf 
700 1 |a Sevastová, Jiřina  |7 xx0163685  |4 prf 
700 1 |a Skládal, Svatopluk,  |d 1926-1992  |7 ola2002142358  |4 prf 
700 1 |a Töpfer, Tomáš,  |d 1951-  |7 jn19990209930  |4 prf 
700 1 |a Vránová, Gabriela,  |d 1939-2018  |7 jn19990210812  |4 prf 
700 1 |a Větrovec, Josef,  |d 1922-2002  |7 jn19990209986  |4 prf 
830 0 |a S + H 
910 |a BOA001  |b CD-0004.507 
990 |a AV 
996 6 |b 261H004584  |c CD-0004.507  |l MZK  |r Sklad / do 24 hodin  |n 0  |p p.v.  |w 000179716  |u 000010  |a 1  |e BOA001  |j MZK50  |s P